000 00528nam a22001937a 4500
003 MPLRDC
005 20220104202908.0
008 210129b ||||| |||| 00| 0 eng d
020 _a978-986-5824-92-1
082 _a947.413 ABYL v.19
100 _a安倍夜郎 ABE YARO
245 _a深夜食堂 (19)
_c丁世佳 译
250 _a初版一刷
260 _a台湾
_b新经典图文传播有限公司
_c2017
300 _b
520 _a新书上架 2018-03-16。
650 _a漫画
942 _cBK
_o947.413 ABYL v.19
999 _c67862
_d67852